000 00517nam a22001937a 4500
003 OSt
005 20140310182842.0
008 130608t xxu||||| |||| 00| 0 eng d
050 _aPN 1623
_b.R325 1974
082 _aM 791.430280922
_bR25 1974
245 _aPeople are crazy here
_cReed, Rex
260 _aNew York, New York :
_bDell Publishing Co., Inc.,
_cc1974.
300 _a303 p. :
_c18 cm.
521 _aCollege Students
526 _c1210L-1700L
541 _j1
562 _e1
942 _2lcc
_cBK
_kM
999 _c16865
_d16865